| 000 | 00728nam a22002417a 4500 | ||
|---|---|---|---|
| 005 | 20230512221901.0 | ||
| 008 | 180427t xxu||||| |||| 00| 0 eng d | ||
| 020 | _a9780073513508 | ||
| 040 | _cCSPC | ||
| 082 | 0 |
_a428.6 _bEl221n |
|
| 100 |
_aElder, Janet _eauthor. |
||
| 245 | 0 | 0 |
_aNew worlds : _ban introduction to college reading/ _cJanet Elder |
| 250 |
_a5th _bEdition |
||
| 260 |
_aNew York : _bMcGraw-Hill, _c2014. |
||
| 300 |
_aiv, 659 pages : _bcolored images; _c26 cm. |
||
| 500 | _aIncludes Index. | ||
| 650 | 1 | 0 | _aReading (Higher Education). |
| 650 | 1 | 0 | _aCollege Readers. |
| 940 | _aLenie | ||
| 942 |
_cBOOK _jCIR 428.6 El221n 2014 |
||
| 999 |
_c3769 _d3769 |
||